[Event "chess.com SpeedChess 2022"]
[Site "chess.com INT"]
[Date "2022.12.12"]
[Round "2.32"]
[White "Nakamura,Hi"]
[Black "Aronian,L"]
[Result "1/2-1/2"]
[WhiteElo "2768"]
[BlackElo "2735"]

1.Nf3 Nc6 2.d4 d6 3.e4 g6 4.c3 Bg7 5.Bd3 e5 6.dxe5 dxe5 7.b4 Nf6 8.O-O O-O
9.b5 Na5 10.Ba3 Re8 11.Bb4 c6 12.a4 Bf8 13.Qc2 c5 14.Bxa5 Qxa5 15.Bc4 Be6
16.Nbd2 Qc7 17.Bxe6 Rxe6 18.Nc4 Nd7 19.a5 a6 20.b6 Qc6 21.Rfd1 Rae8 22.Rd2 Nf6
23.Re1 h6 24.Rdd1 Qb5 25.Qa2 Qc6 26.Nfd2 h5 27.Ne3 Rd8 28.f3 Red6 29.Nec4 Re6
30.Ne3 Red6 31.Ndc4 Rxd1 32.Rxd1 Rxd1+ 33.Nxd1 Nd7 34.Qd2 f6 35.Nde3 Bh6
36.Qd5+ Qxd5 37.Nxd5 Bf8 38.Kf2 Kf7 39.g4 h4 40.Ke3 g5 41.Kd3 Nb8 42.Nd2 Nc6
43.Nb3 Bd6 44.Kc4 Bf8 45.Ne3 Ke8 46.Nf5 Kd7 47.Kd5 Nd8 48.Kc4 Ne6 49.Ne3 Nd8
50.Nd5 Ke6 51.Nxc5+ Bxc5 52.Kxc5 Nc6 53.Nc7+ Kd7 54.Nd5 Ke6 55.Nc7+ Kd7 56.Nd5 Ke6  1/2-1/2

[Event "chess.com SpeedChess 2022"]
[Site "chess.com INT"]
[Date "2022.12.12"]
[Round "2.33"]
[White "Aronian,L"]
[Black "Nakamura,Hi"]
[Result "0-1"]
[WhiteElo "2735"]
[BlackElo "2768"]

1.e4 e5 2.Bc4 Nf6 3.Nc3 Bb4 4.Nf3 O-O 5.Nxe5 d6 6.Nf3 Nxe4 7.O-O Nf6 8.d4 h6
9.Nd5 Nxd5 10.Bxd5 c6 11.Bb3 d5 12.Bf4 Bd6 13.Qd2 Qc7 14.Bxd6 Qxd6 15.Rae1 Bf5
16.Ne5 Nd7 17.c4 dxc4 18.Nxc4 Qf6 19.Na5 Rab8 20.d5 cxd5 21.Bxd5 Nc5 22.b4 Nd3
23.Re3 Nf4 24.Rf3 Nxd5 25.Qxd5 g6 26.Nxb7 Qb6 27.Nd6 Rbd8 28.Nxf5 Rxd5 29.Ne7+ Kg7
30.Nxd5 Qd4 31.Nf4 Qxb4 32.g3 Re8 33.Kg2 Qa5 34.a3 Re1 35.Rxe1 Qxe1 36.Re3 Qc1
37.h4 Qc6+ 38.Kg1 g5 39.hxg5 hxg5 40.Nd3 Qc3 41.Ne5 Qc5 42.Kg2 f6 43.Nf3 Qd5
44.Kg1 Kg6 45.Ne1 a5 46.Nd3 Qd4 47.Ne1 Qa1 48.Kg2 Qd1 49.Nf3 Qd5 50.Kg1 f5
51.Ne5+ Kf6 52.Nd3 Qd4 53.Ne1 f4 54.gxf4 gxf4 55.Rh3 Qd1 56.Kf1 Kf5 57.Rd3 Qb1
58.f3 Ke5 59.Ke2 Qb2+ 60.Kd1 a4 61.Nc2 Qb1+ 62.Kd2 Qf1 63.Nb4 Qf2+ 64.Kc3 Qe2
65.Kc4 Kf5 66.Kb5 Qe8+ 67.Nc6 Kg5 68.Rc3 Qe1 69.Rd3 Qb1+ 70.Nb4 Kf5 71.Kxa4 Qe1
72.Kb3 Qe6+ 73.Kc3 Qe5+ 74.Kc4 Qe6+ 75.Kc5 Qe7+ 76.Kb5 Qb7+ 77.Kc4 Qf7+ 78.Nd5 Qa7
79.Kb3 Qb7+ 80.Nb4 Qa7 81.a4 Ke6 82.Nd5 Ke5 83.Nc3 Ke6 84.Nb5 Qg1 85.Nd4+ Ke5
86.Nc2 Qb1+ 87.Kc3 Qa2 88.Rd4 Qb1 89.Re4+ Kf5 90.Nd4+ Kg6 91.Ne2 Qa1+ 92.Kb3 Qf1
93.Nxf4+ Kf5 94.Nd5 Qxf3+ 95.Ne3+ Kxe4  0-1

[Event "chess.com SpeedChess 2022"]
[Site "chess.com INT"]
[Date "2022.12.12"]
[Round "2.34"]
[White "Nakamura,Hi"]
[Black "Aronian,L"]
[Result "1-0"]
[WhiteElo "2768"]
[BlackElo "2735"]

1.Nf3 g6 2.e4 Bg7 3.d4 c6 4.c3 d6 5.Bd3 Nf6 6.Nbd2 O-O 7.O-O b6 8.e5 Nd5
9.Re1 dxe5 10.Nxe5 Qc7 11.Ndf3 h6 12.c4 Nf6 13.h3 g5 14.Bc2 Rd8 15.Qd3 e6
16.Bxg5 hxg5 17.Nxg5 Rd7 18.Rad1 c5 19.Nxd7 Nbxd7 20.d5 Nf8 21.Ba4 exd5 22.cxd5 Qf4
23.Bc6 Rb8 24.Ne4 Bf5 25.Nxf6+ Bxf6 26.Qa3 a5 27.Re3 Ng6 28.d6 Bd4 29.d7 Ne5
30.g3 Qh6 31.Rxd4 Nxc6 32.Re8+ Kg7 33.Rxb8 Qc1+ 34.Kh2 Qf1 35.Rf4 Qxh3+ 36.Kg1 Bxd7
37.Rb7 Nd4 38.Rxd4 Bc6 39.Rxf7+ Kxf7 40.Rf4+ Kg8 41.Qb3+  1-0

[Event "chess.com SpeedChess 2022"]
[Site "chess.com INT"]
[Date "2022.12.12"]
[Round "2.35"]
[White "Aronian,L"]
[Black "Nakamura,Hi"]
[Result "0-1"]
[WhiteElo "2735"]
[BlackElo "2768"]

1.e4 g6 2.d4 Bg7 3.c4 d6 4.Nc3 Nd7 5.Nge2 e5 6.Be3 Ne7 7.Qd2 c5 8.d5 a6 9.Bh6 O-O
10.h4 f5 11.h5 f4 12.hxg6 Nxg6 13.Ng1 Bxh6 14.Rxh6 Nf6 15.Nf3 Bd7 16.Be2 b5
17.O-O-O b4 18.Nb1 Nxe4 19.Qc2 Kg7 20.Rdh1 Nf6 21.Ng5 e4 22.Nxh7 Rh8 23.Nxf6 Rxh6
24.Nh5+ Kf7 25.Nd2 f3 26.gxf3 Qg5 27.f4 Nxf4 28.Nxe4 Nxe2+ 29.Kb1 Qe5 30.Qxe2 Bf5
31.f3 Rah8  0-1

[Event "chess.com SpeedChess 2022"]
[Site "chess.com INT"]
[Date "2022.12.12"]
[Round "2.36"]
[White "Nakamura,Hi"]
[Black "Aronian,L"]
[Result "0-1"]
[WhiteElo "2768"]
[BlackElo "2735"]

1.e4 e6 2.d3 c6 3.Nd2 b6 4.Ngf3 Bb7 5.g3 d6 6.Bg2 Nd7 7.O-O Ngf6 8.Re1 Be7
9.Nc4 d5 10.Nce5 Nxe5 11.Nxe5 c5 12.exd5 Bxd5 13.Qe2 Bxg2 14.Kxg2 Qd5+ 15.Kg1 O-O
16.Bd2 Rad8 17.Bc3 Qb7 18.Ng4 Ne8 19.h4 h5 20.Nh2 g6 21.Qe3 Bf6 22.Nf3 Bxc3
23.bxc3 Nf6 24.Ne5 Kg7 25.c4 Rd4 26.c3 Rd6 27.Qf4 Rfd8 28.Re3 Ne8 29.g4 f6
30.gxh5 fxe5 31.Qxe5+ Kg8 32.Rg3 R8d7 33.Kh2 Rf7 34.Rxg6+ Kf8 35.Qg3 Qf3
36.Qxf3 Rxf3 37.Kg2 Rf6 38.Re1 Rxg6+ 39.hxg6 Ng7 40.Kg3 Rxd3+ 41.Kg4 Rxc3
42.h5 Rxc4+ 43.Kg5 Rc2 44.h6 Rxf2 45.Rh1 Rg2+ 46.Kf4 Kg8 47.hxg7 Rxg6 48.Ke5 Kxg7
49.Rd1 Kf8 50.Rd7 Rg7 51.Rd6 Ke7 52.Rxe6+ Kd7 53.Rh6 Kc7 54.Kd5 Rd7+ 55.Kc4 Kb7
56.a3 Rd4+ 57.Kb3 Ka6 58.Rh7 Rd3+ 59.Kb2 Re3 60.a4 Rd3 61.Rg7 Ka5 62.Rxa7+ Kb4
63.Ra6 Rb3+ 64.Kc2 Ka3 65.a5 b5 66.Rc6 c4 67.a6 Kb4 68.a7 Ra3 69.Rc7 Ra2+
70.Kb1 Ra6 71.Kb2 Ra5 72.Rb7 Kc5 73.Rh7 Kb6 74.Kc3 Ra3+ 75.Kd4 Rxa7 76.Rh6+ Ka5
77.Rh1 Rg7 78.Ra1+ Kb6 79.Ra8 Rg4+ 80.Kc3 Rg3+ 81.Kb2 Kc5 82.Rh8 Kb4 83.Rh2 Rb3+
84.Kc2 Ka3 85.Rh8 Rb2+ 86.Kc3 b4+ 87.Kxc4 Rc2+ 88.Kd3 b3 89.Ra8+ Kb2 90.Rb8 Ka2
91.Rb7 Rc1 92.Ra7+ Kb1 93.Kd2 b2 94.Ra8 Rc2+ 95.Kd1 Rc7 96.Rd8 Rc4 97.Kd2 Rh4
98.Rd7 Rb4 99.Ra7 Rd4+ 100.Kc3 Rd8 101.Rh7 Rd5 102.Rh8 Rc5+ 103.Kb3 Rb5+
104.Kc3 Rb6 105.Rg8 Rc6+ 106.Kb3 Rb6+ 107.Kc3 Ra6 108.Rb8 Kc1 109.Rg8 Rc6+
110.Kd4 b1=Q 111.Rg1+ Kb2 112.Rxb1+ Kxb1 113.Kd5 Rc2 114.Kd4 Kb2 115.Kd5 Kb3
116.Kd4 Kb4 117.Kd5 Rc3 118.Kd4 Rc4+ 119.Kd5 Kb5 120.Ke5 Rb4 121.Kd5 Ra4
122.Ke5 Kc5 123.Ke6 Re4+ 124.Kf5 Kd5 125.Kf6 Rf4+ 126.Kg5 Ke5 127.Kg6 Rg4+
128.Kf7 Rg5 129.Ke7 Rg7+ 130.Kd8 Kd6 131.Kc8 Kc6 132.Kd8 Kd6 133.Ke8 Rd7
134.Kf8 Re7 135.Kg8 Ke6 136.Kh8 Kf6 137.Kg8 Rf7 138.Kh8 Kg6 139.Kg8 Rf6 140.Kh8 Rf8+  0-1

[Event "chess.com SpeedChess 2022"]
[Site "chess.com INT"]
[Date "2022.12.12"]
[Round "2.37"]
[White "Aronian,L"]
[Black "Nakamura,Hi"]
[Result "1/2-1/2"]
[WhiteElo "2735"]
[BlackElo "2768"]

1.d4 a5 2.e4 a4 3.Nf3 c6 4.a3 d5 5.e5 Bg4 6.h3 Bxf3 7.Qxf3 e6 8.Bd3 c5 9.dxc5 Ne7
10.O-O Nd7 11.Qg3 Nc6 12.Bf4 Nxc5 13.Nc3 h6 14.Nb5 g5 15.Be3 Nxd3 16.cxd3 Ra5
17.Nd4 Nxd4 18.Bxd4 Bc5 19.Bxc5 Rxc5 20.f4 gxf4 21.Qxf4 Rh7 22.Qxa4+ Kf8
23.Qb4 Qe7 24.Rac1 Rxc1 25.Qxe7+ Kxe7 26.Rxc1 Kd7 27.Kf2 Rg7 28.g4 h5 29.gxh5 Rg5
30.d4 Rxh5 31.Kg3 Rg5+ 32.Kf4 Rg2 33.h4 Rxb2 34.h5 Ke7 35.Kg5 Rg2+ 36.Kh6 Rg4
37.Rc7+ Kf8 38.Rxb7 Rxd4 39.Kg5 Rd3 40.h6 Kg8 41.Kf6 Rf3+ 42.Ke7 Kh7 43.a4 Kxh6
44.a5 Kg6 45.a6 Ra3 46.a7 d4 47.Kf8 d3 48.Rxf7 d2 49.Rd7 Rxa7 50.Rxd2 Kf5
51.Re2 Kf4 52.Re1 Rh7 53.Ke8 Kf5 54.Kf8 Rb7 55.Ke8 Ra7 56.Kf8 Kf4 57.Ke8 Kf3
58.Kf8 Kf2 59.Rd1 Ra5 60.Kf7 Rxe5 61.Rd6 Kf3 62.Rxe6 Ra5 63.Rf6+ Kg4 64.Rg6+ Kf5
65.Rf6+ Kg5 66.Re6 Kh5 67.Rf6 Kg5 68.Rg6+ Kh5 69.Re6 Kg5 70.Rg6+ Kh5 71.Re6 Kg5
72.Rg6+  1/2-1/2

[Event "chess.com SpeedChess 2022"]
[Site "chess.com INT"]
[Date "2022.12.15"]
[Round "3.36"]
[White "Nakamura,Hi"]
[Black "Nihal,Sarin"]
[Result "1-0"]
[WhiteElo "2768"]
[BlackElo "2670"]

1.Nf3 g6 2.e4 Bg7 3.d4 d6 4.Bc4 Nc6 5.c3 Nf6 6.Nbd2 O-O 7.O-O e5 8.dxe5 Nxe5
9.Nxe5 dxe5 10.Qe2 Qe7 11.Rd1 Rd8 12.f3 Nh5 13.g3 c6 14.a4 Bh3 15.Bb3 Bh6
16.Nf1 Bxc1 17.Raxc1 Kg7 18.Ne3 Qc5 19.Qf2 Qb6 20.Bc4 Rxd1+ 21.Rxd1 Rd8 22.Re1 Qa5
23.Ra1 Qc7 24.a5 b5 25.axb6 axb6 26.Bf1 Bxf1 27.Kxf1 b5 28.Kg2 Nf6 29.Rd1 Rxd1
30.Nxd1 Qd6 31.Qe2 Nd7 32.Nf2 Nc5 33.Qe3 Na4 34.Qd3 Qe6 35.Qd2 Nc5 36.h4 h5
37.Qe3 Qd6 38.b4 Na4 39.g4 f6 40.gxh5 gxh5 41.Nh1 Nb2 42.Ng3 Nc4 43.Nf5+ Kg8
44.Qa7 Qf8 45.Qc7 Kh8 46.Qxc6 Qg8+ 47.Kf2 Qd8 48.Qd5 Qxd5 49.exd5 Kh7 50.d6 Nb6
51.Ke3 Kg6 52.Ke4 Kf7 53.Ng3 Ke6 54.Nxh5 f5+ 55.Kd3 Kxd6 56.Ng7 f4 57.h5 Ke7
58.Nf5+ Kf6 59.Nd6 Nd5 60.Nxb5 Ne3 61.Nd6  1-0

[Event "chess.com SpeedChess 2022"]
[Site "chess.com INT"]
[Date "2022.12.15"]
[Round "3.37"]
[White "Nihal,Sarin"]
[Black "Nakamura,Hi"]
[Result "1-0"]
[WhiteElo "2670"]
[BlackElo "2768"]

1.b3 b6 2.Bb2 Bb7 3.Nf3 Nf6 4.e3 e6 5.d4 d5 6.Nbd2 Nbd7 7.c4 dxc4 8.Bxc4 c5
9.O-O Be7 10.Qe2 a6 11.a4 O-O 12.Rfd1 Qb8 13.h3 Rd8 14.Rac1 Qa7 15.dxc5 Nxc5
16.Ne5 Rac8 17.Ndf3 h6 18.Nxf7 Bxf3 19.Nxh6+ gxh6 20.Qxf3 Rf8 21.b4 b5 22.Ba2 Nxa4
23.Bxe6+ Kg7 24.Qg3+ Kh7 25.Bf5+ Kh8 26.Bxf6+ Bxf6 27.Rxc8 Rxc8 28.Bxc8 Nc3
29.Qg6 Qg7 30.Qe8+ Qg8 31.Qxg8+ Kxg8 32.Rd6 Be7 33.Rxh6 Bxb4 34.Bxa6 Bf8
35.Rb6 b4 36.Bc4+ Kg7 37.g4 Na4 38.Rb7+ Kg6 39.f4 Bc5 40.Kf2 Nc3 41.Kf3 Nd1
42.Rc7 Bxe3 43.Rc6+ Kg7 44.Be2 Nc3 45.Kxe3 Nd5+ 46.Kf3 Nc3 47.Bc4 Nb1 48.f5 Nd2+
49.Kf4 Nxc4 50.Rxc4 b3 51.Rb4 b2 52.Rxb2 Kf7 53.Rb6 Ke7 54.Re6+ Kd7 55.Ke5 Kc7
56.f6 Kd7 57.f7 Kc7 58.f8=Q Kd7 59.Qf7+ Kd8 60.Re8+  1-0

[Event "chess.com SpeedChess 2022"]
[Site "chess.com INT"]
[Date "2022.12.15"]
[Round "3.35"]
[White "Nihal,Sarin"]
[Black "Nakamura,Hi"]
[Result "1-0"]
[WhiteElo "2670"]
[BlackElo "2768"]

1.e4 e5 2.Nf3 Nc6 3.Bb5 Nf6 4.d3 Bc5 5.O-O Nd4 6.Be3 Nxf3+ 7.Qxf3 Bxe3 8.Qxe3 O-O
9.Nc3 c6 10.Ba4 d6 11.h3 Nh5 12.Ne2 Kh8 13.Bb3 Be6 14.d4 Bxb3 15.axb3 a6
16.Rfd1 Qe7 17.Rd2 Nf6 18.f3 exd4 19.Nxd4 d5 20.Qg5 Ng8 21.Qxe7 Nxe7 22.exd5 Nxd5
23.c4 Nf4 24.Nf5 g6 25.Nd6 b5 26.Re1 Ra7 27.Re4 Nh5 28.Re5 Rb8 29.Rc5 Rc7
30.Ne4 Nf4 31.Re5 Ne6 32.c5 a5 33.Rd6 Kg7 34.g3 b4 35.f4 Nf8 36.Kf2 Ra7 37.g4 a4
38.bxa4 Rxa4 39.f5 Ra2 40.Rd2 gxf5 41.gxf5 h6 42.Ke3 Nh7 43.Kf4 Ng5 44.Rg2 Kf8
45.Nxg5 hxg5+ 46.Kxg5 Kg7 47.f6+ Kh7 48.Kh4  1-0

[Event "chess.com SpeedChess 2022"]
[Site "chess.com INT"]
[Date "2022.12.15"]
[Round "3.34"]
[White "Nakamura,Hi"]
[Black "Nihal,Sarin"]
[Result "1/2-1/2"]
[WhiteElo "2768"]
[BlackElo "2670"]

1.Nf3 d5 2.b3 Nf6 3.e3 Bg4 4.Bb2 e6 5.Be2 Nbd7 6.d4 Bd6 7.Nbd2 O-O 8.c4 c6
9.Ne5 Bf5 10.Nxd7 Qxd7 11.O-O Rfe8 12.Nf3 a5 13.Bd3 Bxd3 14.Qxd3 Ne4 15.Nd2 f5
16.f3 Nxd2 17.Qxd2 b5 18.c5 Bc7 19.f4 Kh8 20.h4 Qf7 21.g3 Kg8 22.Kf2 Kf8
23.Rh1 Ke7 24.a3 Kd7 25.Qe2 Kc8 26.Rag1 Kb7 27.Bc1 g6 28.Bd2 h5 29.Ke1 Bd8
30.Kd1 Bc7 31.Kc1 Bd8 32.Kc2 Bc7 33.Bc1 a4 34.b4 Bd8 35.Bb2 Bc7 36.Rg2 Bd8
37.Kb1 Bc7 38.Ka1 Bd8 39.Rgh2 Bc7 40.Rf1 Bd8 41.Rff2 Bc7 42.Rh1 Bd8 43.Qd1 Bc7
44.Qc2 Bd8 45.Qb1 Bc7 46.Qa2 Bd8 47.Bc3 Bc7 48.Qe2 Bd8 49.Qf3 Bc7 50.Rfh2 Bd8
51.Rg1 Bc7 52.Qh1 Bd8 53.Rd1 Bc7 54.Rc1 Rad8 55.Rb1 Rd7 56.Ra2 Red8 57.Rab2 Rc8
58.Rc2 Rcd8 59.Rd2 Re8 60.Re2 Rf8 61.Rf2 Rg8 62.Rg2 Re8 63.Qg1 Red8 64.Qf1 Re8
65.Qe1 Rf8 66.Qd1 Re8 67.Qc1 Rf8 68.Qc2 Re8 69.Rh1 Red8 70.Ka2 Re8 71.Kb1 Red8
72.Qf2 Re8 73.Qb2 Red8 74.Rgg1 Re8 75.Rf1 Red8 76.Re1 Re8 77.Rd1 Rg8 78.Rc1 Bd8
79.Rc2 Be7 80.Ka1 Rh8 81.Qc1 Rh7 82.Ra2 Rd8 83.Rah2 Bf6 84.Qb1  1/2-1/2

[Event "chess.com SpeedChess 2022"]
[Site "chess.com INT"]
[Date "2022.12.15"]
[Round "3.31"]
[White "Nihal,Sarin"]
[Black "Nakamura,Hi"]
[Result "0-1"]
[WhiteElo "2670"]
[BlackElo "2768"]

1.Nf3 Nf6 2.b3 b6 3.Bb2 Bb7 4.g3 g6 5.Bg2 Bg7 6.O-O O-O 7.c4 c5 8.d4 cxd4
9.Qxd4 d6 10.Rd1 Nbd7 11.Nc3 Rc8 12.Rac1 Rc5 13.Qd2 Qa8 14.Ne1 Bxg2 15.Nxg2 Rfc8
16.Ne3 Qb7 17.Ncd5 Re8 18.h4 h5 19.Bd4 Rcc8 20.Qb2 a6 21.Rc2 b5 22.Nxf6+ Nxf6
23.Nd5 Nxd5 24.Bxg7 Nb4 25.Rcd2 bxc4 26.bxc4 Rb8 27.Bh8 f6 28.Bxf6 exf6 29.Rxd6 Qg7
30.Qd2 Qe7 31.a3 Qxe2 32.axb4 Qxd2 33.R1xd2 Kg7 34.Rb2 Rec8 35.Rd7+ Kh6 36.Re2 Rxc4
37.Ree7 Rh8 38.Rb7 g5 39.Re6 Kg6 40.Rbb6 Rf8 41.hxg5 Kxg5 42.Kg2 h4 43.gxh4+ Rxh4
44.Re3 Rg4+ 45.Rg3 Rxg3+ 46.Kxg3 Ra8 47.Rc6 Kg6 48.Rc5 Rb8 49.Ra5 Rxb4 50.Rxa6 Rb3+
51.f3 Rb4 52.Ra5 Rb7 53.Rc5 Rb1 54.Kf4 Rg1 55.Rc2 Ra1 56.Rc4 Kf7 57.Rd4 Ra5
58.Re4 Kg6 59.Rd4 Rf5+ 60.Kg3 Ra5 61.Rg4+ Kf7 62.Rb4 Kg7 63.Kf4 Kg6 64.Kg3 Rh5
65.Kf4 Rh4+  0-1

[Event "chess.com SpeedChess 2022"]
[Site "chess.com INT"]
[Date "2022.12.15"]
[Round "3.32"]
[White "Nakamura,Hi"]
[Black "Nihal,Sarin"]
[Result "1-0"]
[WhiteElo "2768"]
[BlackElo "2670"]

1.Nf3 Nf6 2.b3 d5 3.Bb2 Bf5 4.e3 e6 5.Nh4 Be4 6.d3 Bg6 7.Nxg6 hxg6 8.Nd2 a5
9.a3 Nbd7 10.g3 Bd6 11.Bg2 c6 12.Qe2 e5 13.e4 Qe7 14.O-O dxe4 15.dxe4 O-O
16.a4 Nb6 17.Rfd1 Rfd8 18.h3 Bb4 19.Nf3 Nfd7 20.h4 f6 21.Bh3 Nf8 22.Kg2 Rxd1
23.Rxd1 Rd8 24.Bc1 Kf7 25.Be3 Rxd1 26.Qxd1 Bc5 27.Bd2 Bb4 28.c3 Bc5 29.b4 axb4
30.cxb4 Bd6 31.a5 Nbd7 32.b5 cxb5 33.Qb3+ Ne6 34.Be3 Nc5 35.Bxc5 Bxc5 36.Qxb5 Nd4
37.Qc4+ Kf8 38.Bc8 Nxf3 39.Kxf3 Qc7 40.Bxb7 Qxa5 41.Kg2 Qb6 42.Bd5 Qd6 43.Qa2 Bb6
44.Qa6 Qc7 45.Qa8+ Qd8 46.Qc6 Qc7 47.Qe6 g5 48.Qg8+ Ke7 49.Qxg7+ Ke8 50.Qg8+ Ke7
51.Qe6+  1-0

[Event "chess.com SpeedChess 2022"]
[Site "chess.com INT"]
[Date "2022.12.15"]
[Round "3.33"]
[White "Nihal,Sarin"]
[Black "Nakamura,Hi"]
[Result "0-1"]
[WhiteElo "2670"]
[BlackElo "2768"]

1.Nf3 Nf6 2.b3 b6 3.Bb2 Bb7 4.g3 g6 5.Bg2 Bg7 6.O-O O-O 7.c4 c5 8.d4 cxd4
9.Qxd4 d6 10.Rd1 Nbd7 11.Nc3 Rc8 12.Rac1 Rc5 13.Qd2 Qa8 14.Ne1 a6 15.h4 Re8
16.Bxb7 Qxb7 17.Ng2 b5 18.Ne3 bxc4 19.Nxc4 Ne4 20.Nxe4 Qxe4 21.Bxg7 Kxg7
22.Rc3 Nf6 23.Re3 Qa8 24.Qb2 d5 25.Ne5 Kg8 26.Nd3 Rc7 27.Nf4 Rd7 28.h5 Qb8
29.h6 e5 30.Nd3 d4 31.Rf3 Ne4 32.Rc1 Qd6 33.Qc2 Ng5 34.Nc5 Nxf3+ 35.exf3 Rc7
36.b4 a5 37.a3 axb4 38.axb4 Qf8 39.Re1 Qxh6 40.f4 Rce7 41.f5 e4 42.fxg6 Qxg6
43.Qc4 e3 44.Kg2 exf2 45.Rxe7 Rxe7 46.Qxd4 Qf5 47.Qxf2 Qd5+ 48.Kh2 Qd1 49.Qf5 Qe2+
50.Kh3 Re5 51.Qg4+ Qxg4+ 52.Kxg4 Rd5 53.Kf3 Rd4 54.Na6 Rc4 55.Ke3 Kf8 56.Kd3 Rg4
57.b5 Ke7 58.b6 Rxg3+ 59.Kc4 h5 60.b7 Rg8 61.b8=Q Rxb8 62.Nxb8 h4 63.Nc6+ Kf6
64.Nd4 h3 65.Nf3 Kf5 66.Kd3 Kf4 67.Nh2 Kg3 68.Nf1+ Kf2 69.Nh2 f5 70.Kd4  0-1

[Event "chess.com SpeedChess 2022"]
[Site "chess.com INT"]
[Date "2022.12.15"]
[Round "3.22"]
[White "Nihal,Sarin"]
[Black "Nakamura,Hi"]
[Result "0-1"]
[WhiteElo "2670"]
[BlackElo "2768"]

1.d4 Nf6 2.Nf3 d5 3.Bf4 Bf5 4.e3 e6 5.Bd3 Bxd3 6.cxd3 c5 7.O-O cxd4 8.Nxd4 Nc6
9.Nxc6 bxc6 10.Nd2 c5 11.Nf3 Be7 12.Ne5 O-O 13.Nc6 Qd7 14.Nxe7+ Qxe7 15.Rc1 Rfc8
16.Qa4 h6 17.Rc2 Qb7 18.Rfc1 Nd7 19.Bd6 Rc6 20.Bxc5 Nxc5 21.Rxc5 Rxc5 22.Rxc5 Qxb2
23.g3 Qb1+ 24.Kg2 Qxd3 25.Rc7 a6 26.Qc6 Rb8 27.Qa4 Qf5 28.Rc2 Kh7 29.Rd2 Rb6
30.h4 g5 31.hxg5 hxg5 32.g4 Qe5 33.Qd4 Qxd4 34.Rxd4 a5 35.a3 Rb3 36.Ra4 Rb5
37.e4 dxe4 38.Rxe4 Kg6 39.a4 Rc5 40.f3 Kf6 41.Kg3 e5 42.Kf2 Ke6 43.Kg2 Kd5
44.Re1 Rc4 45.Rd1+ Ke6 46.Ra1 Kd5 47.Kg3 Rd4 48.Kf2 f6 49.Ke3 Kc5 50.Rc1+ Rc4
51.Ra1 Kb4 52.Kd3 Rf4 53.Ke3 Kb3 54.Rb1+ Kxa4 55.Rb6 Ka3  0-1

[Event "chess.com SpeedChess 2022"]
[Site "chess.com INT"]
[Date "2022.12.15"]
[Round "3.17"]
[White "Nakamura,Hi"]
[Black "Nihal,Sarin"]
[Result "1-0"]
[WhiteElo "2768"]
[BlackElo "2670"]

1.d4 Nf6 2.c4 e6 3.Nf3 d5 4.e3 b6 5.Nc3 Bb7 6.cxd5 exd5 7.Bb5+ c6 8.Bd3 Nbd7
9.O-O Bd6 10.e4 dxe4 11.Nxe4 Nxe4 12.Bxe4 O-O 13.Bg5 Qc7 14.Rc1 h6 15.Bh4 Rfe8
16.Bxc6 Bxc6 17.d5 Nb8 18.dxc6 Nxc6 19.Qa4 Rac8 20.b4 Re4 21.a3 Bxh2+ 22.Nxh2 Rxh4
23.Nf3 Rg4 24.Rc3 Qb7 25.Rfc1 b5 26.Qc2 Rc4 27.Rxc4 bxc4 28.Qxc4 Ne7 29.Qf4 Rxc1+
30.Qxc1 Qc6 31.Qe3 Qc7 32.Nd4 Qd7 33.b5 Nf5 34.Nxf5 Qxf5 35.a4 Qb1+ 36.Kh2 Qf5
37.f3 Qh5+ 38.Kg1 Qh4 39.a5 Qb4 40.b6 axb6 41.axb6 g5 42.Kf1 Qb1+ 43.Kf2 Qb2+
44.Kg3 Qb4 45.Kf2 Qb2+ 46.Kg1 Qb1+ 47.Kh2 Qb4 48.g3 Qb2+ 49.Kg1 Qb1+ 50.Kg2 Qb2+
51.Kh3 Qb1 52.Kg2 Qb2+ 53.Qf2 Qb4 54.g4 Kg7 55.Qe3 Qb2+ 56.Kf1 Qb1+ 57.Kf2 Qb2+
58.Kg3 Qb1 59.Qd4+ Kg8 60.Kf2 Qc2+ 61.Ke3 Qb3+ 62.Kd2 Qxf3 63.Qd8+ Kg7 64.Qc7 Qg2+
65.Kc3 Qf3+ 66.Kb4 Qxg4+ 67.Qc4 Qg1 68.b7 Qb6+ 69.Qb5 Qd4+ 70.Kb3 Qd1+ 71.Kc4 Qe2+
72.Kc5 Qe5+ 73.Kb6 Qd6+ 74.Ka7 Qa3+ 75.Qa6 Qc5+ 76.Ka8 Qd5 77.Qa1+ f6 78.Ka7 Qc5+
79.Ka8 Qd5 80.Qc1 Qa5+ 81.Kb8 Qd8+ 82.Qc8 Qd5 83.Qc7+ Kg6 84.Kc8 Qg8+ 85.Qd8 Qc4+
86.Qc7 Qg8+ 87.Kd7 Qd5+ 88.Ke7 Qe4+ 89.Kf8 Qb4+ 90.Kg8 Qb3+ 91.Kh8 f5 92.b8=Q Qe6
93.Qg7+ Kh5 94.Qh2+ Kg4 95.Qhxh6 Qe8+ 96.Qf8 Qe5+ 97.Qhf6 Qh2+ 98.Kg7 f4
99.Qf5+ Kf3 100.Qa3+  1-0

[Event "chess.com SpeedChess 2022"]
[Site "chess.com INT"]
[Date "2022.12.15"]
[Round "3.38"]
[White "Nakamura,Hi"]
[Black "Nihal,Sarin"]
[Result "1/2-1/2"]
[WhiteElo "2768"]
[BlackElo "2670"]

1.e4 e5 2.Nc3 Nf6 3.f4 d5 4.fxe5 Nxe4 5.Qf3 Nc6 6.Bb5 Nxc3 7.bxc3 Be7 8.d4 O-O
9.Ne2 f6 10.exf6 Rxf6 11.Bf4 Bf5 12.O-O Bxc2 13.Qe3 Bd6 14.Bxc6 bxc6 15.Be5 Rxf1+
16.Rxf1 Qe7 17.Ng3 Re8 18.Re1 Bxe5 19.dxe5 Be4 20.Nxe4 Qxe5 21.Qxa7 dxe4
22.Qd4 Qxd4+ 23.cxd4 Kf7 24.a4 Ra8 25.Rc1 Rxa4 26.Rxc6 Rxd4 27.Rxc7+ Kf6
28.Kf2 Rd2+ 29.Kg3 h5 30.h4 g6 31.Rc6+ Kf5 32.Rc5+ Ke6 33.Rc6+ Rd6 34.Rc8 Ke5
35.Re8+ Kd4 36.Kf4 Rf6+ 37.Kg5 Rf2 38.Kxg6 Rxg2+ 39.Kxh5 e3 40.Kh6 e2 41.h5 Kd3
42.Kh7 Rg4 43.Rxe2 Kxe2 44.h6 Kf3 45.Kh8 Kf4 46.h7 Kf5  1/2-1/2

[Event "chess.com SpeedChess 2022"]
[Site "chess.com INT"]
[Date "2022.12.15"]
[Round "3.11"]
[White "Nakamura,Hi"]
[Black "Nihal,Sarin"]
[Result "1/2-1/2"]
[WhiteElo "2768"]
[BlackElo "2670"]

1.a3 d5 2.d4 Nf6 3.Nf3 Bf5 4.c4 e6 5.Qb3 Qc8 6.Nc3 dxc4 7.Qxc4 Nbd7 8.Bf4 Bd6
9.Bxd6 cxd6 10.Nb5 Ke7 11.Qb4 Ne4 12.Nd2 a5 13.Qb3 Nxd2 14.Kxd2 a4 15.Qb4 Qc2+
16.Ke1 Ra6 17.f3 Rc8 18.e4 Bxe4 19.fxe4 Qxe4+ 20.Kd1 Qc2+ 21.Ke1 Qe4+ 22.Kd1 Qc2+
23.Ke1 Qe4+  1/2-1/2

[Event "chess.com SpeedChess 2022"]
[Site "chess.com INT"]
[Date "2022.12.15"]
[Round "3.12"]
[White "Nihal,Sarin"]
[Black "Nakamura,Hi"]
[Result "0-1"]
[WhiteElo "2670"]
[BlackElo "2768"]

1.d4 Nf6 2.Nf3 d5 3.c4 dxc4 4.e3 e6 5.Bxc4 a6 6.O-O c5 7.b3 cxd4 8.Nxd4 Bd7
9.Bb2 Nc6 10.Nd2 Bd6 11.N4f3 O-O 12.a3 Bc7 13.b4 Qe7 14.Qe2 h6 15.Rfd1 e5
16.e4 Bb6 17.Bb3 Rad8 18.Nc4 Be6 19.h3 Bd4 20.Nxd4 Nxd4 21.Bxd4 exd4 22.Na5 Bc8
23.e5 Nd5 24.Qf3 Qxe5 25.Nc4 Qf4 26.Qxf4 Nxf4 27.Rd2 d3 28.h4 Rd4 29.Ne3 Ne2+
30.Kf1 Rxh4 31.Rxd3 Nf4  0-1

[Event "chess.com SpeedChess 2022"]
[Site "chess.com INT"]
[Date "2022.12.15"]
[Round "3.13"]
[White "Nakamura,Hi"]
[Black "Nihal,Sarin"]
[Result "1-0"]
[WhiteElo "2768"]
[BlackElo "2670"]

1.h3 e5 2.c4 Nf6 3.Nc3 Nc6 4.g4 h6 5.Bg2 Bb4 6.Nf3 e4 7.Nh4 d5 8.cxd5 Nxd5
9.Bxe4 Be6 10.Nf5 O-O 11.a3 Bc5 12.d4 Bb6 13.e3 Re8 14.O-O h5 15.Bg2 hxg4
16.hxg4 g6 17.Nh6+ Kg7 18.e4 Nxc3 19.bxc3 Bc4 20.Re1 Qh4 21.g5 Rad8 22.Qf3 Nxd4
23.cxd4 Bxd4 24.Bf4 Bxa1 25.Rxa1 Qh5 26.Qc3+  1-0

[Event "chess.com SpeedChess 2022"]
[Site "chess.com INT"]
[Date "2022.12.15"]
[Round "3.14"]
[White "Nihal,Sarin"]
[Black "Nakamura,Hi"]
[Result "1/2-1/2"]
[WhiteElo "2670"]
[BlackElo "2768"]

1.d4 Nf6 2.Nf3 d5 3.c4 dxc4 4.e3 e6 5.Bxc4 a6 6.O-O c5 7.b3 cxd4 8.Nxd4 Bd7
9.Bb2 Nc6 10.Nd2 Bd6 11.Be2 O-O 12.Rc1 Nxd4 13.Bxd4 Ba3 14.Rc2 b5 15.Bf3 Rc8
16.Rxc8 Qxc8 17.Bxf6 gxf6 18.Ne4 Be7 19.Qd4 e5 20.Qb6 Be6 21.Ng3 f5 22.Bb7 Qc2
23.Qxa6 Rb8 24.Bf3 Qc7 25.Rd1 Kg7 26.h3 h6 27.e4 f4 28.Nh5+ Kg6 29.Bg4 Qb6
30.Qxb6 Rxb6 31.g3 Bxg4 32.hxg4 f3 33.Rd3 Ra6 34.Rxf3 Rxa2 35.Rc3 Rb2 36.Kg2 f6
37.Rc7 Kf7 38.Ng7 Kxg7 39.Rxe7+ Kg6 40.Rb7 Rxb3 41.f4 exf4 42.gxf4 h5 43.gxh5+ Kxh5
44.Rb6 Kg4 45.Rxf6 Rb2+ 46.Kf1 Kf3 47.Ke1 Re2+ 48.Kd1 Rxe4 49.f5 Kf4 50.Rf8 Re5
51.f6 Rf5 52.f7 Rf6 53.Rb8 Rxf7 54.Rxb5 Rf5 55.Rxf5+ Kxf5  1/2-1/2

[Event "chess.com SpeedChess 2022"]
[Site "chess.com INT"]
[Date "2022.12.15"]
[Round "3.28"]
[White "Nihal,Sarin"]
[Black "Nakamura,Hi"]
[Result "1-0"]
[WhiteElo "2670"]
[BlackElo "2768"]

1.Nf3 Nf6 2.b3 b6 3.Bb2 Bb7 4.e3 e6 5.d4 d5 6.Nbd2 Nbd7 7.Bd3 c5 8.O-O Be7
9.c4 dxc4 10.Bxc4 O-O 11.Qe2 a6 12.a4 cxd4 13.Nxd4 Nd5 14.Rac1 Re8 15.Rfd1 Bf8
16.N2f3 Qb8 17.Ng5 h6 18.Ndxe6 fxe6 19.Nxe6 Rxe6 20.Rxd5 Bxd5 21.Bxd5 Qe8
22.Qg4 Nc5 23.Bxa8 h5 24.Qf3 Nxb3 25.Bd5 Nxc1 26.Qf5 Nd3  1-0

[Event "chess.com SpeedChess 2022"]
[Site "chess.com INT"]
[Date "2022.12.15"]
[Round "3.27"]
[White "Nakamura,Hi"]
[Black "Nihal,Sarin"]
[Result "0-1"]
[WhiteElo "2768"]
[BlackElo "2670"]

1.Nf3 d5 2.e3 Nf6 3.c4 e6 4.d4 c5 5.cxd5 exd5 6.Bb5+ Nc6 7.O-O cxd4 8.exd4 Be7
9.Nc3 O-O 10.h3 Bf5 11.Bg5 h6 12.Bh4 Rc8 13.Bd3 Ne4 14.Bxe7 Nxe7 15.Ne2 Qb6
16.Rb1 Nc6 17.a3 Rfe8 18.b4 a6 19.Qb3 Rcd8 20.Rfd1 Ne7 21.Rbc1 Qf6 22.Bb1 Nc6
23.Re1 Re7 24.b5 axb5 25.Nc3 Nxc3 26.Rxe7 Qxe7 27.Rxc3 Nxd4 28.Nxd4 Qe1+
29.Kh2 Bxb1 30.Re3 Qxf2  0-1

[Event "chess.com SpeedChess 2022"]
[Site "chess.com INT"]
[Date "2022.12.15"]
[Round "3.26"]
[White "Nihal,Sarin"]
[Black "Nakamura,Hi"]
[Result "0-1"]
[WhiteElo "2670"]
[BlackElo "2768"]

1.d4 Nf6 2.c4 e6 3.Nf3 d5 4.Nc3 Be7 5.g3 O-O 6.Bg2 b6 7.cxd5 Nxd5 8.Nxd5 exd5
9.O-O Bd6 10.Bg5 f6 11.Bd2 Bb7 12.Rc1 Kh8 13.Ne1 Na6 14.Nd3 Qd7 15.b4 c6
16.Qb3 Rae8 17.Rfe1 Nc7 18.Bf4 Ba6 19.Bxd6 Qxd6 20.e3 Bc4 21.Rxc4 dxc4 22.Qxc4 Nd5
23.b5 Rd8 24.bxc6 Nc7 25.Rc1 Rfe8 26.Nb4 a5 27.Nd3 g6 28.a4 Kg7 29.Rb1 Rb8
30.d5 g5 31.e4 g4 32.Nf4 Kh8 33.Qe2 Qe5 34.Qxg4 b5 35.axb5 Nxb5 36.Ne6 Rg8
37.Qf4 Nc3 38.Rxb8 Ne2+ 39.Kf1 Nxf4 40.Rxg8+ Kxg8 41.gxf4 Qc3 42.c7 Kf7 43.d6 Qc4+
44.Kg1 Qxe6 45.e5 fxe5 46.Bb7 Qg6+  0-1